Toutes les communes de la Métropole Rouen Normandie - Statistiques

Statistiques générales
  • Ce quiz a été pris 113 fois
  • Le résultat moyen est 27 sur 71
Statistiques - réponses
Commune Population (2023) % Correct
Le Grand-Quevilly 25 789
94%
Le Petit-Quevilly 22 208
94%
Rouen 117 662
85%
Mont-Saint-Aignan 20 165
84%
Grand-Couronne 9 768
79%
Petit-Couronne 8 683
79%
Elbeuf 15 474
78%
Bois-Guillaume 14 539
77%
Sotteville-lès-Rouen 29 003
74%
Sotteville-sous-le-Val 812
74%
Saint-Étienne-du-Rouvray 29 518
73%
Maromme 10 957
70%
Canteleu 14 402
68%
Darnétal 9 566
66%
Bihorel 8 316
63%
Franqueville-Saint-Pierre 6 171
62%
Déville-lès-Rouen 10 802
59%
Oissel-sur-Seine 12 317
59%
Tourville-la-Rivière 2 596
54%
Saint-Aubin-Celloville 1 173
51%
Saint-Aubin-Épinay 1 021
51%
Saint-Aubin-lès-Elbeuf 8 443
51%
Isneauville 3 716
48%
Boos 3 975
46%
Le Mesnil-Esnard 8 177
46%
Le Mesnil-sous-Jumièges 602
46%
Bonsecours 6 442
45%
Saint-Pierre-de-Manneville 881
45%
Saint-Pierre-de-Varengeville 2 322
45%
Saint-Pierre-lès-Elbeuf 8 306
45%
Belbeuf 2 264
39%
Caudebec-lès-Elbeuf 10 476
39%
Malaunay 6 221
39%
Saint-Jacques-sur-Darnétal 3 117
39%
Saint-Martin-de-Boscherville 1 515
39%
Saint-Martin-du-Vivier 1 674
38%
Notre-Dame-de-Bondeville 7 071
37%
Amfreville-la-Mi-Voie 3 265
35%
Le Houlme 4 130
33%
Cléon 4 795
32%
Duclair 3 996
30%
Jumièges 1 761
30%
Le Trait 4 704
27%
La Bouille 706
26%
Saint-Léger-du-Bourg-Denis 3 633
24%
Houppeville 2 814
23%
La Londe 2 372
18%
Gouy 888
17%
Les Authieux-sur-le-Port-Saint-Ouen 1 190
16%
Quevillon 587
16%
Moulineaux 954
15%
Sahurs 1 216
15%
Yainville 1 031
15%
Ymare 1 245
13%
La Neuville-Chant-d'Oisel 2 377
12%
Montmain 1 500
12%
Orival 818
12%
Sainte-Marguerite-sur-Duclair 2 020
12%
Saint-Paër 1 308
12%
Val-de-la-Haye 689
12%
Anneville-Ambourville 1 153
11%
Fontaine-sous-Préaux 569
11%
Quévreville-la-Poterie 1 028
11%
Yville-sur-Seine 418
11%
Bardouville 597
10%
Berville-sur-Seine 528
10%
Hautot-sur-Seine 399
10%
Hénouville 1 406
10%
Roncherolles-sur-le-Vivier 1 245
9%
Épinay-sur-Duclair 521
7%
Freneuse 993
6%
Aucun quiz correspondant
Distribution des résultats
% des personnes avec chaque résultat
Percentile par nombre de réponses
Votre historique - résultats
Vous n’avez pas pris ce quiz